Pollution prevention : (Record no. 328450)

000 -LEADER
fixed length control field 01263cam a22003134a 4500
001 - CONTROL NUMBER
control field 4047757
003 - CONTROL NUMBER IDENTIFIER
control field Nust
005 - DATE AND TIME OF LATEST TRANSACTION
control field 20170407115039.0
008 - FIXED-LENGTH DATA ELEMENTS--GENERAL INFORMATION
fixed length control field 990514s2000 maua 001 0 eng
010 ## - LIBRARY OF CONGRESS CONTROL NUMBER
LC control number 99016020
020 ## - INTERNATIONAL STANDARD BOOK NUMBER
International Standard Book Number 0073661473
040 ## - CATALOGING SOURCE
Original cataloging agency DLC
Transcribing agency DLC
Modifying agency DLC
042 ## - AUTHENTICATION CODE
Authentication code pcc
050 00 - LIBRARY OF CONGRESS CALL NUMBER
Item number .B49 2000
082 00 - DEWEY DECIMAL CLASSIFICATION NUMBER
Classification number 363 BIS
Edition number 21
100 1# - MAIN ENTRY--PERSONAL NAME
Personal name Bishop, Paul L.
245 10 - TITLE STATEMENT
Title Pollution prevention :
Remainder of title fundamentals and practice /
Statement of responsibility, etc. Paul L. Bishop.
260 ## - PUBLICATION, DISTRIBUTION, ETC.
Place of publication, distribution, etc. Boston :
Name of publisher, distributor, etc. McGraw-Hill,
Date of publication, distribution, etc. c2000.
300 ## - PHYSICAL DESCRIPTION
Extent xvii, 699 p. :
Other physical details ill. ;
Dimensions 25 cm.
500 ## - GENERAL NOTE
General note Includes index.
501 ## - WITH NOTE
With note H.B
650 #0 - SUBJECT ADDED ENTRY--TOPICAL TERM
Topical term or geographic name entry element Factory and trade waste
General subdivision Management.
650 #0 - SUBJECT ADDED ENTRY--TOPICAL TERM
Topical term or geographic name entry element Pollution prevention.
856 42 - ELECTRONIC LOCATION AND ACCESS
Materials specified Publisher description
Uniform Resource Identifier <a href="http://www.loc.gov/catdir/description/mh023/99016020.html">http://www.loc.gov/catdir/description/mh023/99016020.html</a>
856 41 - ELECTRONIC LOCATION AND ACCESS
Materials specified Table of contents
Uniform Resource Identifier <a href="http://www.loc.gov/catdir/toc/mh023/99016020.html">http://www.loc.gov/catdir/toc/mh023/99016020.html</a>
906 ## - LOCAL DATA ELEMENT F, LDF (RLIN)
a 7
b cbc
c orignew
d 1
e ocip
f 19
g y-gencatlg
942 ## - ADDED ENTRY ELEMENTS (KOHA)
Source of classification or shelving scheme
Koha item type Book
Call number prefix 363 BIS
Holdings
Withdrawn status Lost status Source of classification or shelving scheme Damaged status Not for loan Collection code Permanent Location Current Location Shelving location Date acquired Total Checkouts Full call number Barcode Date last seen Price effective from Koha item type
            Central Library (CL) Central Library (CL) General Stacks 04/07/2017   363 BIS IESE-512 04/07/2017 04/07/2017 Book
© 2023 Central Library, National University of Sciences and Technology. All Rights Reserved.